000
00373nam a2200157Ia 4500
008
151213s9999 xx 000 0 und d
100
_a
L.C.B.Grower
245
_a
The Principle of Modern Company Law
_c
L.C.B.Grower
250
_a
1st
260
_a
Australia
_c
1969
300
_a
3222 p.
650
_a
Law
650
_a
Law
700
_a
L.C.B.Grower
999
_c
2221
_d
2221